[Event "Enschede op-B U16"]
[Site "Enschede"]
[Date "2009.08.05"]
[Round "6"]
[White "Zadi, Job"]
[Black "Weimar, Marco"]
[Result "1-0"]
[WhiteElo "1065"]
[BlackElo "1100"]
[PlyCount "31"]
[EventDate "2009.08.03"]
[EventType "swiss"]
[EventRounds "9"]
[EventCountry "NED"]
[SourceTitle "CBM 132 Extra"]
[Source "ChessBase"]
[SourceDate "2009.11.03"]
[SourceVersion "1"]
[SourceVersionDate "2009.11.03"]
[SourceQuality "1"]

1. e4 e5 2. f4 Nc6 3. Nf3 f6 4. fxe5 fxe5 5. Nxe5 Nxe5 6. Qh5+ g6 7. Qxe5+ Ne7 8. Qxh8 d5 9. Qe5 Bd7 10. Nc3 Bc6 11. Bb5 Bxb5 12. Nxb5 Rc8 13. 0-0 c6 14. Nd4 a6 15. Ne6 Qd7 16. Rxf8# 1-0